000 00453nam a2200133Ia 4500
008 100328s9999 xx 000 0 und d
082 _b30601
100 _aपरांजपे शि.म.
245 _aकाळातील निवडक निबंध
260 _bय.गो.जोशी
630 _aकाळातील निवडक निबंध
730 _aकाळातील निवडक निबंध
942 _cBOOK
999 _c521570
_d521567